000 01235nam0a2200325 4500
001 RU\NLR\BIBL_A\022384977
005 20260406083710.0
010 _a978-5-04-202112-1
_93000
035 _a(NLR Aleph) 022384977
090 _a13330861
_c13330861
100 _a20241120d2024 |||y0rusy50 ca
101 1 _arus
_ceng
102 _aRU
105 _ay z 000ay
181 0 _ai
_baxxe
182 0 _an
200 1 _aДжейн Остен расследует убийство
_fДжессика Булл
_g[перевод с английского В. Коваленко]
203 _aТекст
_bвизуальный
_cнепосредственный
210 _aМосква
_cЭксмо, Inspiria
_d2024
215 _a412, [2] с.
_d21
333 _a16+
600 1 _aОстин
_bД.
_f1775 - 1817
_gДжейн
_xв художественной литературе
_92589308
_3RU\NLR\AUTH\661530278
686 1 _aШ5(4Вл)52-4Остин754
686 1 _aШ6(4Вл)67-446{Лх1299-60}
700 1 _7ca
_8rus
_aБулл
_bД.
_gДжессика
_3RU\NLR\AUTH\770278422
_92650389
942 _cBOOK
980 _aNB